000 00287nam a22001217a 4500
008 190311b xxu||||| |||| 00| 0 eng d
041 _aeng
080 _a043.3
100 _a0
101 _aSHKI-BA
245 _aAplikimi i Internet of Things ne Smart City
_cTahiri, G
942 _2udc
_cBK
999 _c54708
_d54708